Normal view
MARC view
Entry Nombre personal
001 - NÚMERO DE CONTROL
- campo de control: 19232
003 - IDENTIFICADOR DEL NÚMERO DE CONTROL
- campo de control: OSt
005 - FECHA Y HORA DE LA ÚLTIMA TRANSACCIÓN
- campo de control: 20200615032652.0
008 - DATOS DE LONGITUD FIJA
- campo de control de longitud fija: 200615|| aca||aabn | a|a d
040 ## - FUENTE DE LA CATALOGACIÓN
- Centro catalogador/agencia de origen: OSt
- Centro/agencia transcriptor: OSt
100 ## - ENCABEZAMIENTO-NOMBRE DE PERSONA
- Nombre de persona: Sánchez Aragonés, Luisa Ma.
- Forma completa/desarrollada del nombre: (Luisa María),
- Fechas asociadas al nombre: 1965-
670 ## - FUENTE DE DATOS ENCONTRADOS
- Cita de la fuente: Work cat.: (OSt)6718: Sánchez Aragonés, Luisa Ma. (Luisa María), 1965-, Cortes, monarquía y ciudades en Aragón durante el reinado de Alfonso el Magnánimo, 1416-1458 /, 1994.
